00908 a2200397 4500000002100000001000700021005001700028008004100045010000500086020001800091082001700109100002300126110000500149245014600154250000500300260004100305300000900346490000700355500000500362600000500367610000500372611000500377630001600382650000500398651000500403654000500408700002500413700002900438710000900467711000500476720000500481730000500486740000500491752000500496856000900501BKB 14564320200902170958.0  a a9781452257952 a616.89bC76P1 aConyne , Robert K. a1 aPrevention in psychology : an introduction to the prevention practice kitcby Robert K. Conyne Horne, Arthur M. Horne and Katherine Raczynski a aLos AngalesbSage Publicationsc2013 a71p. av a a a a aSocial Work a a a aHorne, Arthur M.bc aRaczynski, Katherinebc abc a a a a a adf